1155 1695 1665 1157 1985 1374 1217 1472 1947 1263 1153 1408 1323 1301 1670 1559 1074 1117 1096 1553 1217 1434 1752 1599 1999 1322 1444 1901 1348 1089 1494 1843 1901 1308 1234 1078 1788 1888 1418 1239 1348 1568 1290 1559 1670 1656 1295 1732 1458 1193 1902 1145 1784 1230 1519 1618 1029 1659 1655 1960 1867 1488 1113 1358 1261 1265 1825 1852 1442 1811 1551 1828 1615 1902 1706 1595 1476 1734 1304 1161 1644 1728 1837 1076 1661 1239 1315 1793 1553 1201 1555 1831 1880 1621 1656 1748 1208 1769 1055 BCNSPRNW ULIB Ver.6.0+V

เปลี่ยนเป็นภาษาไทย

Change to English
 แสดงรายละเอียดบรรณานุกรม
  กลับหน้าหลัก

Brief Record : Get Marc (ISO 2709) : E-mail record : QR code < ปิดหน้าต่าง
LEADER : 00000nam 2200000uu 4500
001    13399124742
003     ULIB
008    160215s2553||||th 000 0 tha d
099    ^aวจ.WM172^bส731ก
100 0  ^aสิริกานต์ แรงกสิกร
245 00 ^aผลของกลุ่มสนับสนุนทางสังคมและการให้ข้อมูลอย่างมีแบบแผนต่อความเครียดและการปรับตัวต่อบทบาทการเป็นมารดาของมารดาที่มีบุตรคลอดก่อนกำหนดเข้ารับการรักษาในหออภิบาลทารกแรกเกิด โรงพยาบาลสวรรค์ประชารักษ์/^cสิริกานต์ แรงกสิกร และ วาสนา คงคะดี
260    ^aนครสวรรค์ :^bวิทยาลัยพยาบาลบรมราชชนนี สวรรค์ประชารักษ์ นครสวรรค์,^c2553
300    ^a92 หน้า
650  7 ^aความเครียดของมารดา^xวิจัย
650  7 ^aทารกคลอดก่อนกำหนด^xวิจัย
650  7 ^aการดูแลทารกแรกเกิด^xวิจัย
700 0  ^aวาสนา คงคะดี
710 1  ^aวิทยาลัยพยาบาลบรมราชชนนี สวรรค์ประชารักษ์ นครสวรรค์
945    ^p0^l0^i23273
995    ^aทศพร
999    ^aทศพร เกษรทอง
รายการนี้ยังไม่มีแท็ก
คุณยังไม่ได้ล็อกอิน คุณสามารถมีกิจกรรมร่วมกับเว็บไซต์ได้ แต่ต้องล็อกอินก่อน ::
  ล็อกอิน

รายการสื่อสารสนเทศ

ลำดับที่ ประเภท เลขเรียก/บาร์โค้ด สถานที่ สถานะ
1. งานวิจัย
งานวิจัย
วจ.WM172 ส731ก ฉ.1 
  Barcode: 23273
ห้องสมุดวิทยาเขตนครสวรรค์
►วิจัย:l:Research Room
บนชั้น

รายการใกล้เคียง
    ผู้แต่ง [สิริกานต์ แรงกสิกร]

BibComment


ยังไม่เคยถูกคอมเมนท์

คอมเมนท์ทรัพยากรรายการนี้
  คอมเมนท์: ผลของกลุ่มสนับสน..


 Copyright 2026. Bcnsprnw @Library